000
00321nam a2200133Ia 4500
008
150201s2009 xx 000 0 und d
082
_a
612
_b
M09J
100
_a
JAIN,AK
245
_a
MANUAL OF PRACTICAL PHYSIOLOGY
250
_a
3RD
260
_b
ARYA PUB.
_a
DELHI
_c
2009
650
_a
HUMAN PHYSIOLOGY
942
_2
ddc
_c
BK
_0
18
999
_c
896
_d
896